[Event "Muensterland Regionalliga 1617"]
[Site "Germany"]
[Date "2016.11.19"]
[Round "3.3"]
[White "Haas, Kai Markus"]
[Black "Rehfeldt, Frank"]
[Result "0-1"]
[WhiteElo "1963"]
[BlackElo "2113"]
[PlyCount "148"]
[EventDate "2016.09.17"]
[EventType "team"]
[EventRounds "9"]
[EventCountry "GER"]
[SourceTitle "EXT 2018"]
[Source "ChessBase"]
[SourceDate "2017.10.13"]
[SourceVersion "1"]
[SourceVersionDate "2017.10.13"]
[SourceQuality "1"]
[WhiteTeam "Nienberge"]
[BlackTeam "Muenster SK III"]
[WhiteTeamCountry "GER"]
[BlackTeamCountry "GER"]

1. e4 c6 2. d3 d5 3. Nd2 Nf6 4. Ngf3 g6 5. g3 Bg7 6. Bg2 0-0 7. 0-0 dxe4 8. dxe4 Nbd7 9. Re1 Nc5 10. Qe2 b6 11. h3 Ba6 12. Qe3 Qc7 13. Qa3 Bb7 14. Nh4 e5 15. Qe3 Rad8 16. b3 Ne6 17. Bb2 Nd4 18. Rac1 Kh8 19. c3 Ne6 20. Rcd1 Ba6 21. Nc4 Bxc4 22. bxc4 Rxd1 23. Rxd1 Rd8 24. Qe2 Nc5 25. Rxd8+ Qxd8 26. Bc1 Qd3 27. Qxd3 Nxd3 28. Ba3 Ne1 29. f3 Nd7 30. Bc1 Bf6 31. Bd2 Nd3 32. Bf1 Bxh4 33. gxh4 Nf4 34. Kf2 Kg7 35. Kg3 Nh5+ 36. Kf2 Kf6 37. Be2 Nf4 38. Bd1 Nc5 39. Bc2 Ke6 40. a3 Kd6 41. Be3 f6 42. Bd2 Nfd3+ 43. Ke2 Nb2 44. Bh6 Ke7 45. Be3 Kd6 46. Bh6 Ke7 47. Be3 Nxc4 48. Bxc5+ bxc5 49. a4 a5 50. Bb3 Nd6 51. Bc2 Kf7 52. Kf2 Kg7 53. Bb3 Kh6 54. Be6 Kh5 55. Bg8 h6 56. Kg3 f5 57. exf5 Nxf5+ 58. Kf2 Kxh4 59. Bf7 Kg5 60. Be6 Kf4 61. Bd7 Ne7 62. Be8 g5 63. Bd7 Nd5 64. Bxc6 Nxc3 65. Bb5 h5 66. Be8 h4 67. Bd7 Nd1+ 68. Ke2 Ne3 69. Kf2 Nc2 70. Be6 Ne3 71. Bd7 c4 72. Bc6 c3 73. Ke2 c2 74. Kd2 Kg3 0-1

[Event "Muensterland Regionalliga 1516"]
[Site "Germany"]
[Date "2015.09.05"]
[Round "1.1"]
[White "Quante, Lennart"]
[Black "Rehfeldt, Frank"]
[Result "0-1"]
[WhiteElo "1954"]
[BlackElo "2144"]
[PlyCount "126"]
[EventDate "2015.09.05"]
[EventType "team"]
[EventRounds "9"]
[EventCountry "GER"]
[SourceTitle "EXT 2017"]
[Source "ChessBase"]
[SourceDate "2016.10.25"]
[SourceVersion "1"]
[SourceVersionDate "2016.10.25"]
[SourceQuality "1"]
[WhiteTeam "Muenster SK III"]
[BlackTeam "Muenster SK II"]
[WhiteTeamCountry "GER"]
[BlackTeamCountry "GER"]

1. e4 c6 2. Nc3 d5 3. Nf3 Nf6 4. e5 Ne4 5. d4 Bf5 6. Nh4 Nxc3 7. bxc3 Bd7 8. Rb1 e6 9. Nf3 Qc7 10. Be3 c5 11. Bb5 cxd4 12. Bxd7+ Nxd7 13. cxd4 Be7 14. 0-0 0-0 15. Qd3 a6 16. Bg5 Rfe8 17. a4 Bf8 18. Rfc1 Rec8 19. Nd2 Qc6 20. Qb3 b6 21. c4 a5 22. cxd5 Qxd5 23. Qxd5 exd5 24. Nf1 Bb4 25. Rd1 Nf8 26. Bd2 Rc4 27. Bxb4 Rxb4 28. Ne3 Rxa4 29. Nxd5 Rd8 30. Ne7+ Kh8 31. Nc6 Rd5 32. Rxb6 g6 33. h3 Ne6 34. Ra6 Kg7 35. Kh2 h5 36. g3 h4 37. Rd3 Nc5 38. Ne7 Rd7 39. dxc5 Rxd3 40. gxh4 Rd7 41. Nc8 Rc7 42. Nd6 Rxc5 43. Ra7 Rxe5 44. Nxf7 Re2 45. Ne5+ Kf6 46. Ng4+ Ke6 47. Ra6+ Kf7 48. Rf6+ Kg7 49. Ra6 Ra1 50. Kg3 a4 51. Kf4 a3 52. Kg5 a2 53. Ra7+ Kf8 54. Kf6 Ke8 55. Ra8+ Kd7 56. Ne5+ Rxe5 57. Kxe5 Re1+ 58. Kf6 a1Q+ 59. Rxa1 Rxa1 60. Kxg6 Ke6 61. f4 Rg1+ 62. Kh7 Kf5 63. h5 Kxf4 0-1

[Event "Muensterland Regionalliga 1314"]
[Site "Germany"]
[Date "2013.09.07"]
[Round "1.5"]
[White "Rehfeldt, Frank"]
[Black "Van Ackeren, Franz"]
[Result "1-0"]
[WhiteElo "2094"]
[BlackElo "1985"]
[PlyCount "117"]
[EventDate "2013.09.07"]
[EventType "team-tourn"]
[EventRounds "9"]
[EventCountry "GER"]
[SourceTitle "EXT 2015"]
[Source "ChessBase"]
[SourceDate "2014.11.20"]
[SourceVersion "1"]
[SourceVersionDate "2014.11.20"]
[SourceQuality "1"]
[WhiteTeam "Muenster SK II"]
[BlackTeam "Muenster SK III"]
[WhiteTeamCountry "GER"]
[BlackTeamCountry "GER"]

1. e4 g6 2. d4 Bg7 3. Be3 d6 4. Nc3 a6 5. Bc4 e6 6. Bb3 Ne7 7. Qd2 h6 8. Nge2 Nd7 9. 0-0-0 b6 10. h4 Nf6 11. f3 Bb7 12. g4 d5 13. e5 Nd7 14. f4 c5 15. a3 c4 16. Ba2 b5 17. Ng3 b4 18. axb4 Nc6 19. Nce2 Qb6 20. f5 Qxb4 21. Qxb4 Nxb4 22. Bb1 gxf5 23. gxf5 Rg8 24. Rhg1 0-0-0 25. c3 Nd3+ 26. Bxd3 cxd3 27. Rxd3 Bf8 28. Rdd1 Nb6 29. Kc2 Rg4 30. h5 Bc6 31. Nf4 Bd7 32. f6 a5 33. Nge2 Rxg1 34. Rxg1 a4 35. Rg8 Nc4 36. Bc1 Bb5 37. Rh8 Kb8 38. Nd3 Kc8 39. Nef4 a3 40. bxa3 Nxa3+ 41. Bxa3 Bxa3 42. Rxh6 Rg8 43. Rh7 Be8 44. Rg7 Rh8 45. Nb4 Kd8 46. Kd2 Kc8 47. Ke2 Bc1 48. Nbd3 Bb5 49. Kd1 Bxf4 50. Nxf4 Be8 51. Ke2 Kd7 52. Kf3 Kc6 53. Rg3 Kb5 54. Rh3 Kc4 55. Ke2 Ba4 56. Kd2 Kb3 57. Nd3 Be8 58. h6 Ka4 59. Nc5+ 1-0

[Event "NRW Class1 1213"]
[Site "Germany"]
[Date "2013.02.17"]
[Round "6.1"]
[White "Rehfeldt, Frank"]
[Black "Weber, Peter"]
[Result "1/2-1/2"]
[WhiteElo "2126"]
[BlackElo "2189"]
[PlyCount "50"]
[EventDate "2012.09.16"]
[EventType "team-tourn"]
[EventRounds "9"]
[EventCountry "GER"]
[SourceTitle "EXT 2017"]
[Source "ChessBase"]
[SourceDate "2016.10.25"]
[SourceVersion "1"]
[SourceVersionDate "2016.10.25"]
[SourceQuality "1"]
[WhiteTeam "Muenster II"]
[BlackTeam "Langenfeld"]
[WhiteTeamCountry "GER"]
[BlackTeamCountry "GER"]

1. e4 e5 2. Nf3 Nc6 3. Bc4 Be7 4. 0-0 Nf6 5. Nc3 d6 6. h3 Na5 7. Be2 c5 8. d3 h6 9. Nh2 g5 10. Ng4 Nc6 11. Be3 Nd4 12. Nxf6+ Bxf6 13. Bg4 Ne6 14. g3 Nc7 15. Bxc8 Qxc8 16. Qg4 Qe6 17. a4 a6 18. Rfb1 a5 19. Ra3 h5 20. Qxe6+ fxe6 21. Rb3 0-0-0 22. Nb5 Na6 23. Na7+ Kc7 24. Nb5+ Kc6 25. Na7+ Kc7 1/2-1/2

[Event "Nord West Cup 15th"]
[Site "Bad Zwischenahn"]
[Date "2013.01.25"]
[Round "2"]
[White "Solodovnichenko, Yuri"]
[Black "Rehfeldt, Frank"]
[Result "1-0"]
[WhiteElo "2567"]
[BlackElo "2126"]
[PlyCount "57"]
[EventDate "2013.01.24"]
[EventType "swiss"]
[EventRounds "7"]
[EventCountry "GER"]
[SourceTitle "CBM 152 Extra"]
[Source "ChessBase"]
[SourceDate "2013.02.25"]
[SourceVersion "1"]
[SourceVersionDate "2013.02.25"]
[SourceQuality "1"]

1. g3 d5 2. Bg2 Nf6 3. d3 h6 4. Nf3 Bf5 5. c4 c6 6. cxd5 cxd5 7. Nc3 Nc6 8. Qb3 Qd7 9. Bf4 e6 10. 0-0 Be7 11. Ne5 Nxe5 12. Bxe5 0-0 13. e4 Bg6 14. exd5 Ng4 15. d4 Rac8 16. Bf4 Bd3 17. dxe6 fxe6 18. Rfe1 Bf6 19. Bf3 h5 20. h3 g5 21. Rad1 gxf4 22. Rxd3 Ne5 23. dxe5 Qxd3 24. Qxe6+ Kh8 25. Be4 Qd4 26. Qf5 Rc7 27. Qxh5+ Kg8 28. exf6 Rxf6 29. Nd5 1-0

[Event "Guben op 16th"]
[Site "Guben"]
[Date "2013.01.04"]
[Round "6"]
[White "Schmidt, Hans Juergen"]
[Black "Rehfeldt, Frank"]
[Result "0-1"]
[WhiteElo "1938"]
[BlackElo "2126"]
[PlyCount "96"]
[EventDate "2013.01.02"]
[EventType "swiss"]
[EventRounds "7"]
[EventCountry "GER"]
[SourceTitle "EXT 2014"]
[Source "ChessBase"]
[SourceDate "2013.11.20"]
[SourceVersion "1"]
[SourceVersionDate "2013.11.20"]
[SourceQuality "1"]

1. e4 c6 2. d4 d5 3. Bd3 dxe4 4. Bxe4 Nf6 5. Bf3 Bf5 6. Ne2 e6 7. 0-0 Bd6 8. Bf4 0-0 9. c3 Bxf4 10. Nxf4 Qc7 11. Nd3 Nbd7 12. Qe2 Rad8 13. Rd1 Rfe8 14. Nd2 e5 15. Nxe5 Nxe5 16. dxe5 Rxe5 17. Qc4 Bc2 18. Nf1 Bxd1 19. Rxd1 Rxd1 20. Bxd1 Re8 21. Bf3 Qd7 22. g3 Qe6 23. Qf4 Qe5 24. Qxe5 Rxe5 25. Ne3 Nd5 26. Bxd5 cxd5 27. Kf1 Kf8 28. Ke2 Ke7 29. Kd3 Ke6 30. h4 b5 31. a3 g6 32. b3 f5 33. Nc2 Kd6 34. Nd4 Kc5 35. Ne2 Re4 36. Kd2 a5 37. f3 Re8 38. Kd3 b4 39. cxb4+ axb4 40. a4 d4 41. Kd2 Re3 42. Nc1 Rxf3 43. Nd3+ Kd6 44. Kc2 Rxg3 45. Nxb4 Rc3+ 46. Kb2 f4 47. a5 f3 48. a6 f2 0-1

[Event "Guben op 16th"]
[Site "Guben"]
[Date "2013.01.02"]
[Round "2"]
[White "Knuth, Hannes"]
[Black "Rehfeldt, Frank"]
[Result "0-1"]
[WhiteElo "2357"]
[BlackElo "2126"]
[PlyCount "92"]
[EventDate "2013.01.02"]
[EventType "swiss"]
[EventRounds "7"]
[EventCountry "GER"]
[SourceTitle "EXT 2014"]
[Source "ChessBase"]
[SourceDate "2013.11.20"]
[SourceVersion "1"]
[SourceVersionDate "2013.11.20"]
[SourceQuality "1"]

1. d4 Nf6 2. c4 e6 3. Nc3 d5 4. Bg5 Be7 5. e3 h6 6. Bh4 0-0 7. cxd5 Nxd5 8. Bxe7 Qxe7 9. Bd3 b6 10. Nf3 Nd7 11. Nxd5 exd5 12. 0-0 Bb7 13. Rc1 c5 14. Bb1 Rac8 15. Qa4 a6 16. dxc5 bxc5 17. Bf5 Nb6 18. Qf4 Rcd8 19. b4 c4 20. Qd4 Nc8 21. Bc2 Qxb4 22. Rb1 Qe7 23. a4 Rfe8 24. h3 Qc7 25. Rb4 Bc6 26. Rfb1 Qd6 27. g4 Re7 28. Nh4 g6 29. Nf3 Qd7 30. Qc5 Qd6 31. Qd4 Qd7 32. Qf4 Kh7 33. h4 Qc7 34. Qd4 Nd6 35. Rb6 Ne4 36. Rxa6 Qc8 37. Ne5 Rxe5 38. Qxe5 Qxg4+ 39. Kh1 Nxf2+ 40. Kh2 Qe2 41. Bxg6+ Kxg6 42. Rxc6+ Kh7 43. Qf5+ Kg8 44. Kg1 Nd1 45. Qf4 Qe1+ 46. Kg2 Nxe3+ 0-1

[Event "Muensterland Verbandsliga 1112"]
[Site "Germany"]
[Date "2012.02.25"]
[Round "7.4"]
[White "Luetkehermoelle, Martin"]
[Black "Rehfeldt, Frank"]
[Result "1/2-1/2"]
[WhiteElo "1876"]
[BlackElo "2085"]
[PlyCount "113"]
[EventDate "2011.09.24"]
[EventType "team-tourn"]
[EventRounds "9"]
[EventCountry "GER"]
[SourceTitle "EXT 2013"]
[Source "ChessBase"]
[SourceDate "2012.11.22"]
[SourceVersion "1"]
[SourceVersionDate "2012.11.22"]
[SourceQuality "1"]
[WhiteTeam "Ochtrup"]
[BlackTeam "Ostbevern Westbevern"]
[WhiteTeamCountry "GER"]
[BlackTeamCountry "GER"]

1. e4 c6 2. d4 d5 3. exd5 cxd5 4. c4 Nf6 5. Nc3 Nc6 6. Nf3 Bg4 7. cxd5 Nxd5 8. Qb3 Bxf3 9. gxf3 Nb6 10. d5 Nd4 11. Bb5+ Nd7 12. Qa4 Nxb5 13. Qxb5 g6 14. 0-0 Bg7 15. Re1 0-0 16. Bg5 Re8 17. d6 Bf6 18. dxe7 Rxe7 19. Rxe7 Bxe7 20. Bxe7 Qxe7 21. Qxb7 Re8 22. Ne4 Ne5 23. Qxe7 Rxe7 24. Kg2 Nd3 25. Rb1 f5 26. Nc3 g5 27. Kf1 Kf7 28. a3 Kg6 29. Ne2 Rc7 30. b4 Ne5 31. Rb3 Rc2 32. f4 Nc4 33. Rd3 g4 34. Nd4 Ra2 35. Rc3 Nd2+ 36. Ke1 Ne4 37. Rc6+ Kf7 38. Rc7+ Kg6 39. Rc6+ Kf7 40. Rc7+ Kg6 41. Rxa7 Rxf2 42. Ra6+ Kf7 43. Nxf5 Rxf4 44. Nd6+ Nxd6 45. Rxd6 Rf3 46. a4 h5 47. b5 Ke7 48. Rd4 Rb3 49. Kd1 Rb2 50. Rd2 Rb4 51. Ra2 Kd6 52. Kd2 Rb3 53. a5 Rxb5 54. a6 Rb8 55. a7 Ra8 56. Ke3 h4 57. Kf4 1/2-1/2

[Event "Muensterland Verbandsliga 1112"]
[Site "Germany"]
[Date "2011.12.17"]
[Round "4.4"]
[White "Rehfeldt, Frank"]
[Black "Keller, Dirk"]
[Result "1-0"]
[WhiteElo "2085"]
[BlackElo "1960"]
[PlyCount "69"]
[EventDate "2011.09.24"]
[EventType "team-tourn"]
[EventRounds "9"]
[EventCountry "GER"]
[SourceTitle "EXT 2013"]
[Source "ChessBase"]
[SourceDate "2012.11.22"]
[SourceVersion "1"]
[SourceVersionDate "2012.11.22"]
[SourceQuality "1"]
[WhiteTeam "Ostbevern Westbevern"]
[BlackTeam "Nienberge"]
[WhiteTeamCountry "GER"]
[BlackTeamCountry "GER"]

1. e4 c6 2. d4 d5 3. e5 Bf5 4. h4 h5 5. Be3 e6 6. Nd2 a6 7. Ngf3 Nd7 8. Be2 Bg6 9. c3 Nh6 10. Qb3 Qb6 11. Rc1 Nf5 12. Bg5 Qxb3 13. Nxb3 Be7 14. Bxe7 Kxe7 15. Na5 Ra7 16. 0-0 Nb8 17. Rfd1 b6 18. Nb3 f6 19. g3 Rc7 20. c4 Rhc8 21. Rc3 Kd7 22. a4 Ne7 23. a5 Rb7 24. axb6 Rxb6 25. Nc5+ Ke8 26. Nxe6 Kf7 27. Nc5 Rxb2 28. Re1 Rd8 29. cxd5 Nxd5 30. Bc4 Bf5 31. Bxd5+ cxd5 32. e6+ Bxe6 33. Nxe6 Re8 34. Rc7+ Kg6 35. Nf4+ 1-0

[Event "Reykjavik op"]
[Site "Reykjavik"]
[Date "2011.03.16"]
[Round "9"]
[White "Rehfeldt, Frank"]
[Black "Thorsteinsson, Thorsteinn"]
[Result "0-1"]
[WhiteElo "2091"]
[BlackElo "2220"]
[PlyCount "64"]
[EventDate "2011.03.09"]
[EventType "swiss"]
[EventRounds "9"]
[EventCountry "ISL"]
[SourceTitle "CBM 141 Extra"]
[Source "ChessBase"]
[SourceDate "2011.05.03"]
[SourceVersion "1"]
[SourceVersionDate "2011.05.03"]
[SourceQuality "1"]

1. e4 c5 2. Nf3 Nc6 3. d4 cxd4 4. Nxd4 g6 5. c4 Bg7 6. Be3 Nf6 7. Nc3 Ng4 8. Qxg4 Nxd4 9. Qd1 Ne6 10. Be2 Qa5 11. Qd2 d6 12. 0-0 Bd7 13. f3 Bc6 14. Rab1 Bxc3 15. bxc3 Rg8 16. Kh1 g5 17. Rb2 Rg6 18. Bd1 Kf8 19. Bc2 Rf6 20. c5 dxc5 21. e5 Rd8 22. Qc1 Rh6 23. Bxg5 Rh5 24. Bh6+ Ke8 25. Bxh7 Rxe5 26. Re1 Rxe1+ 27. Qxe1 Qxc3 28. Rd2 Rd6 29. a4 Nd4 30. Bf4 Nxf3 31. Bxd6 Nxe1 32. Re2 e6 0-1

[Event "Reykjavik op"]
[Site "Reykjavik"]
[Date "2011.03.12"]
[Round "4.62"]
[White "Erikstad, Olav Age"]
[Black "Rehfeldt, Frank"]
[Result "0-1"]
[WhiteElo "1829"]
[BlackElo "2091"]
[PlyCount "89"]
[EventDate "2011.03.09"]
[EventType "swiss"]
[EventRounds "9"]
[EventCountry "ISL"]
[SourceTitle "CBM 141 Extra"]
[Source "ChessBase"]
[SourceDate "2011.05.03"]
[SourceVersion "1"]
[SourceVersionDate "2011.05.03"]
[SourceQuality "1"]

1. e4 c6 2. d4 d5 3. e5 c5 4. c3 Nc6 5. Nf3 Bg4 6. Bb5 Bxf3 7. Qxf3 e6 8. dxc5 Bxc5 9. 0-0 Nge7 10. Be3 Qb6 11. Bxc5 Qxc5 12. Na3 0-0 13. Rfe1 Rfd8 14. Bd3 d4 15. b4 Qxc3 16. Nb5 Qxb4 17. Rab1 Qd2 18. Nd6 Rf8 19. Ne4 Qh6 20. Nd6 b6 21. Bb5 Na5 22. Qd3 Rad8 23. Qxd4 Nb7 24. Qe4 Nxd6 25. exd6 Rxd6 26. Qb7 Nd5 27. Rbc1 Qd2 28. Red1 Qxa2 29. Rc8 Rdd8 30. Rdc1 g6 31. Rxd8 Rxd8 32. g3 Qb2 33. Rc8 Rxc8 34. Qxc8+ Kg7 35. Be8 Qb1+ 36. Kg2 Qe4+ 37. Kf1 Nf6 38. Bxf7 Kxf7 39. Qc7+ Kf8 40. Qd8+ Ne8 41. Qd2 Qd5 42. Qb4+ Kf7 43. Qh4 Nf6 44. Qh6 Qd1+ 45. Kg2 0-1

[Event "Reykjavik op"]
[Site "Reykjavik"]
[Date "2011.03.12"]
[Round "5.40"]
[White "Rehfeldt, Frank"]
[Black "Stigar, Petter"]
[Result "1/2-1/2"]
[WhiteElo "2091"]
[BlackElo "2328"]
[PlyCount "24"]
[EventDate "2011.03.09"]
[EventType "swiss"]
[EventRounds "9"]
[EventCountry "ISL"]
[SourceTitle "CBM 141 Extra"]
[Source "ChessBase"]
[SourceDate "2011.05.03"]
[SourceVersion "1"]
[SourceVersionDate "2011.05.03"]
[SourceQuality "1"]

1. e4 c5 2. Nf3 Nc6 3. d4 cxd4 4. Nxd4 g6 5. c4 Nf6 6. Nc3 d6 7. Be2 Bg7 8. Be3 0-0 9. 0-0 Nxd4 10. Bxd4 Bd7 11. f3 a5 12. Nd5 Nxd5 1/2-1/2

[Event "Muensterland Verbandsliga 1011"]
[Site "Germany"]
[Date "2011.02.05"]
[Round "6.4"]
[White "Jacob, Helmut"]
[Black "Rehfeldt, Frank"]
[Result "1-0"]
[WhiteElo "2009"]
[BlackElo "2037"]
[PlyCount "83"]
[EventDate "2010.09.25"]
[EventType "team-tourn"]
[EventRounds "9"]
[EventCountry "GER"]
[SourceTitle "EXT 2012"]
[Source "ChessBase"]
[SourceDate "2011.11.24"]
[SourceVersion "1"]
[SourceVersionDate "2011.11.24"]
[SourceQuality "1"]
[WhiteTeam "Ochtrup"]
[BlackTeam "Ostbevern Westbevern"]
[WhiteTeamCountry "GER"]
[BlackTeamCountry "GER"]

1. e4 c6 2. d4 d5 3. f3 dxe4 4. fxe4 e5 5. Nf3 Bg4 6. Bc4 Nd7 7. c3 Ngf6 8. 0-0 Qb6 9. Qb3 Qxb3 10. Bxb3 Bd6 11. Nbd2 0-0 12. Nc4 Bc7 13. Ncxe5 Nxe5 14. Nxe5 Bxe5 15. dxe5 Nd7 16. Bf4 Rae8 17. e6 fxe6 18. Bd6 Rf6 19. h3 Be2 20. Rf2 Bd3 21. Re1 Rxf2 22. Kxf2 Nf6 23. Kf3 Kf7 24. e5 Nd5 25. Rd1 Ba6 26. Ke4 g5 27. Rd2 Kg6 28. Rf2 Nf4 29. Bc2 Kg7 30. h4 h6 31. hxg5 hxg5 32. g3 Nh3 33. Rh2 Rh8 34. Be7 Rh6 35. Bf6+ Kf7 36. Rd2 Kg6 37. Kf3+ Kh5 38. Bb3 g4+ 39. Ke3 Ng5 40. Rh2+ Nh3 41. Bxe6 b6 42. Bf7+ 1-0

[Event "Muensterland Verbandsliga 1011"]
[Site "Germany"]
[Date "2010.11.27"]
[Round "3.4"]
[White "Meyer, Ulrich"]
[Black "Rehfeldt, Frank"]
[Result "0-1"]
[WhiteElo "1905"]
[BlackElo "2037"]
[PlyCount "68"]
[EventDate "2010.09.25"]
[EventType "team-tourn"]
[EventRounds "9"]
[EventCountry "GER"]
[SourceTitle "EXT 2012"]
[Source "ChessBase"]
[SourceDate "2011.11.24"]
[SourceVersion "1"]
[SourceVersionDate "2011.11.24"]
[SourceQuality "1"]
[WhiteTeam "Sendenhorst"]
[BlackTeam "Ostbevern Westbevern"]
[WhiteTeamCountry "GER"]
[BlackTeamCountry "GER"]

1. d4 d5 2. Bf4 Nf6 3. Nf3 Bf5 4. e3 e6 5. Nbd2 Bd6 6. Ne5 0-0 7. h3 c5 8. c3 Nc6 9. g4 Bg6 10. Be2 Bxe5 11. dxe5 Nd7 12. 0-0 Ndxe5 13. Nf3 Nxf3+ 14. Bxf3 Qb6 15. b3 Rfe8 16. Bg3 Rad8 17. h4 d4 18. cxd4 cxd4 19. e4 f6 20. h5 Bf7 21. e5 Nxe5 22. Bxe5 fxe5 23. Qd3 Re7 24. Be4 h6 25. Rac1 Be8 26. a4 Bc6 27. Bh7+ Kh8 28. Bg6 Rf8 29. f3 Bd5 30. Rb1 Rc7 31. Qd1 Rc3 32. Bd3 Qd8 33. Be4 Bxe4 34. fxe4 Rg3+ 0-1

[Event "GER-chT Universities"]
[Site "Augsburg"]
[Date "2010.10.07"]
[Round "3.2"]
[White "Rehfeldt, Frank"]
[Black "Kaczmarek, Piotr"]
[Result "1/2-1/2"]
[WhiteElo "2037"]
[BlackElo "1842"]
[PlyCount "49"]
[EventDate "2010.10.06"]
[EventType "team-swiss"]
[EventRounds "6"]
[EventCountry "GER"]
[SourceTitle "EXT 2016"]
[Source "ChessBase"]
[SourceDate "2015.10.08"]
[SourceVersion "1"]
[SourceVersionDate "2015.10.08"]
[SourceQuality "1"]
[WhiteTeam "Muenster Uni"]
[BlackTeam "Poznan FH II"]
[WhiteTeamCountry "GER"]
[BlackTeamCountry "POL"]

1. e4 c5 2. Nf3 Nc6 3. d4 cxd4 4. Nxd4 Nf6 5. Nc3 e6 6. Be3 Bb4 7. Bd3 d5 8. exd5 Bxc3+ 9. bxc3 Nxd5 10. Nxc6 bxc6 11. Bd2 Qf6 12. 0-0 Nxc3 13. Qg4 Nd5 14. Rab1 h6 15. Rb3 Ne7 16. Bc3 e5 17. Qg3 Qg5 18. Bxe5 Qxg3 19. fxg3 0-0 20. Be4 Nd5 21. Bd4 Re8 22. Bf3 Ba6 23. Rd1 Bc4 24. Rb7 Bxa2 25. Rxa7 1/2-1/2

[Event "GER-chT Universities"]
[Site "Augsburg"]
[Date "2010.10.07"]
[Round "2.2"]
[White "Sohl, Jan"]
[Black "Rehfeldt, Frank"]
[Result "1/2-1/2"]
[WhiteElo "2133"]
[BlackElo "2037"]
[PlyCount "42"]
[EventDate "2010.10.06"]
[EventType "team-swiss"]
[EventRounds "6"]
[EventCountry "GER"]
[SourceTitle "EXT 2016"]
[Source "ChessBase"]
[SourceDate "2015.10.08"]
[SourceVersion "1"]
[SourceVersionDate "2015.10.08"]
[SourceQuality "1"]
[WhiteTeam "Mannheim Uni"]
[BlackTeam "Muenster Uni"]
[WhiteTeamCountry "GER"]
[BlackTeamCountry "GER"]

1. e4 c6 2. d4 d5 3. e5 c5 4. dxc5 e6 5. a3 Bxc5 6. Qg4 Bf8 7. Nf3 Ne7 8. Bd3 Nbc6 9. b4 Qc7 10. Bb2 Nf5 11. 0-0 Nce7 12. Re1 g6 13. Nbd2 Bg7 14. Qh3 h5 15. Ng5 Bd7 16. Rac1 b5 17. Nb3 a6 18. Nc5 Bh6 19. f4 Bc6 20. Qf3 Ra7 21. Kh1 Ra8 1/2-1/2

[Event "Muensterland Verbandsliga 0910"]
[Site "Germany"]
[Date "2010.05.08"]
[Round "9.3"]
[White "Korb, Andreas"]
[Black "Rehfeldt, Frank"]
[Result "1/2-1/2"]
[WhiteElo "1992"]
[BlackElo "2077"]
[PlyCount "134"]
[EventDate "2009.09.26"]
[EventType "team-tourn"]
[EventRounds "9"]
[EventCountry "GER"]
[SourceTitle "EXT 2011"]
[Source "ChessBase"]
[SourceDate "2010.11.26"]
[SourceVersion "1"]
[SourceVersionDate "2010.11.26"]
[SourceQuality "1"]
[WhiteTeam "Sendenhorst"]
[BlackTeam "Ostbevern Westbevern"]
[WhiteTeamCountry "GER"]
[BlackTeamCountry "GER"]

1. e4 c6 2. d4 d5 3. exd5 cxd5 4. c4 Nf6 5. Nc3 Nc6 6. Nf3 Bg4 7. Be3 e6 8. Be2 Be7 9. 0-0 0-0 10. Rc1 a6 11. Ne5 Bxe2 12. Qxe2 Rc8 13. Rfd1 h6 14. Qf3 dxc4 15. Nxc4 Nb4 16. Ne5 Nbd5 17. Qh3 Qa5 18. Bd2 Nxc3 19. bxc3 Qxa2 20. c4 Rfd8 21. Ra1 Qc2 22. Ba5 Rf8 23. Rd3 Bd6 24. Qf3 b5 25. Rd2 Qe4 26. Qxe4 Nxe4 27. Re2 Bxe5 28. Rxe4 Bf6 29. c5 Rc6 30. Bb6 Bd8 31. Kf1 Bxb6 32. Rxa6 Rb8 33. Re1 Rcc8 34. cxb6 Rc6 35. Rb1 Rcxb6 36. Ra7 R8b7 37. Ra8+ Kh7 38. Rc8 Kg6 39. Rc5 b4 40. Rb3 Rb5 41. Ke2 Rxc5 42. dxc5 Rc7 43. Rxb4 Rxc5 44. Ke3 h5 45. g3 e5 46. Rb6+ f6 47. Rb7 Ra5 48. h4 Ra4 49. Rc7 Kh6 50. Rc6 Ra2 51. Ke4 Kg6 52. Rb6 Ra4+ 53. Ke3 Kf5 54. f3 Ra3+ 55. Kf2 Ra2+ 56. Kf1 g5 57. hxg5 fxg5 58. Rb8 g4 59. Rf8+ Kg6 60. f4 exf4 61. Rxf4 Kg5 62. Rb4 Ra5 63. Rb8 Kf5 64. Rb4 Ke5 65. Kg2 Rd5 66. Kf2 Rd2+ 67. Ke3 Rd5 1/2-1/2

[Event "Muensterland Verbandsliga 0910"]
[Site "Germany"]
[Date "2009.09.26"]
[Round "1.3"]
[White "Rehfeldt, Frank"]
[Black "Rosing, Hermann"]
[Result "0-1"]
[WhiteElo "2077"]
[BlackElo "1964"]
[PlyCount "78"]
[EventDate "2009.09.26"]
[EventType "team-tourn"]
[EventRounds "9"]
[EventCountry "GER"]
[SourceTitle "EXT 2011"]
[Source "ChessBase"]
[SourceDate "2010.11.26"]
[SourceVersion "1"]
[SourceVersionDate "2010.11.26"]
[SourceQuality "1"]
[WhiteTeam "Ostbevern Westbevern"]
[BlackTeam "Ahaus Wessum"]
[WhiteTeamCountry "GER"]
[BlackTeamCountry "GER"]

1. e4 e5 2. Nf3 Nc6 3. Bc4 Nf6 4. Ng5 d5 5. exd5 Na5 6. Bb5+ c6 7. dxc6 bxc6 8. Qf3 Rb8 9. Bd3 Bd6 10. Nc3 0-0 11. h3 h6 12. Nge4 Nxe4 13. Nxe4 f5 14. Nxd6 Qxd6 15. Be2 c5 16. b3 Nc6 17. Ba3 Nd4 18. Qc3 Bb7 19. Bxc5 Nxe2 20. Bxd6 Nxc3 21. dxc3 Bxg2 22. Rh2 Bf3 23. Bxb8 Rxb8 24. Kd2 Rd8+ 25. Kc1 e4 26. c4 g5 27. Kb2 Rd2 28. Kc3 e3 29. b4 Be4 30. Rc1 Re2 31. Kd4 h5 32. c5 g4 33. hxg4 hxg4 34. b5 exf2 35. c6 g3 36. c7 Bb7 37. Rh5 Re1 38. Rh1 Rxh1 39. Rxh1 g2 0-1

[Event "Muensterland Verbandsliga 0708"]
[Site "Germany"]
[Date "2008.04.05"]
[Round "8.3"]
[White "Rehfeldt, Frank"]
[Black "Liesmann, Karsten"]
[Result "1-0"]
[WhiteElo "2054"]
[BlackElo "1994"]
[PlyCount "119"]
[EventDate "2007.09.08"]
[EventType "team"]
[EventRounds "9"]
[EventCountry "GER"]
[SourceTitle "EXT 2009"]
[Source "ChessBase"]
[SourceDate "2008.11.26"]
[SourceVersion "1"]
[SourceVersionDate "2008.11.26"]
[SourceQuality "1"]
[WhiteTeam "Westbevern"]
[BlackTeam "Bocholt"]
[WhiteTeamCountry "GER"]
[BlackTeamCountry "GER"]

1. e4 e6 2. d4 d5 3. Nc3 Bb4 4. e5 Ne7 5. Qg4 0-0 6. Bd3 c5 7. a3 Bxc3+ 8. bxc3 f5 9. Qd1 Qa5 10. Bd2 Qa4 11. Nf3 b6 12. 0-0 Nbc6 13. Qb1 Ba6 14. Ng5 Nd8 15. Qb2 h6 16. Nf3 Ndc6 17. dxc5 bxc5 18. Be3 Bxd3 19. cxd3 c4 20. dxc4 Qxc4 21. Qd2 Kh7 22. Rab1 Rab8 23. Bd4 Rfc8 24. g3 a6 25. Qe3 Nxd4 26. Nxd4 Rxb1 27. Rxb1 Nc6 28. Rb6 Nxd4 29. Qxd4 Qxc3 30. Qxc3 Rxc3 31. Rxa6 d4 32. Kf1 d3 33. Ke1 Kg8 34. h4 Kf7 35. h5 Rb3 36. Ra7+ Kf8 37. a4 Rc3 38. a5 Rc5 39. f4 Rc2 40. a6 Ra2 41. Ra8+ Ke7 42. a7 Kf7 43. Kd1 Ra1+ 44. Kd2 Ra3 45. Ke3 d2+ 46. Kxd2 Ra2+ 47. Ke3 Ra3+ 48. Kf2 Ra2+ 49. Kf3 Ra3+ 50. Kg2 Ra1 51. Kh2 Ra3 52. Kh3 Ra1 53. g4 fxg4+ 54. Kxg4 Ra4 55. Kg3 Ra3+ 56. Kh4 g5+ 57. hxg6+ Kg7 58. Kg4 Ra4 59. Re8 Rxa7 60. Rxe6 1-0